Tiempo y mito en la psicoterapia familiar

Kaydedildi:
Detaylı Bibliyografya
Asıl Yazarlar: Andolfi, Maurizio (Yazar), Angelo, Claudio (Yazar)
Materyal Türü: Kitap
Dil:İspanyolca
Baskı/Yayın Bilgisi: Buenos Aires Paidos 1989
Seri Bilgileri:Grupos e instituciones, 23
Konular:
Etiketler: Etiketle
Etiket eklenmemiş, İlk siz ekleyin!

MARC

LEADER 00000nam a2200000 a 4500
001 UCW5919
003 CL-VaPUC
008 910827e19890000AG |||||||||||||||||spa|d
082 0 4 |a 616.89156  |b AND  |2 21 
100 0 |a Andolfi, Maurizio  |e author  |9 310965 
700 0 |a Angelo, Claudio  |e author  |9 310966 
245 1 0 |a Tiempo y mito en la psicoterapia familiar 
300 |a 218 p 
942 |c BK 
945 |d 19910827 00:00:00 
260 |a Buenos Aires  |b Paidos  |c 1989 
650 0 |a Psicoterapia familiar  |9 310747 
583 |a last modification  |c 19910827 00:00:00  |k Rodrigo Vera 
490 0 |a Grupos e instituciones, 23 
999 |c 219197  |d 219195 
952 |0 0  |1 0  |4 0  |6 616_891560000000000_AND_1989  |7 0  |8 R  |9 209816  |a BIBEDU  |b BIBEDU  |c MCIRC  |d 2019-11-15  |i 2777363  |o 616.89156 AND 1989  |p 2777363  |r 2023-01-13  |w 2019-11-15  |y BK_R  |k EDU 
952 |0 0  |1 0  |4 0  |6 616_891560000000000_AND_1989  |7 0  |8 R  |9 209817  |a BIBEDU  |b BIBEDU  |c MCIRC  |d 2019-11-15  |i 353250K  |o 616.89156 AND 1989  |p 353250K  |r 2023-01-13  |w 2019-11-15  |y BK_R  |k PSI 
952 |0 0  |1 0  |4 0  |6 616_891560000000000_AND_1989  |7 0  |8 R  |9 209818  |a BIBEDU  |b BIBEDU  |c MCIRC  |d 2019-11-15  |i 3532518  |o 616.89156 AND 1989  |p 3532518  |r 2023-01-13  |w 2019-11-15  |y BK_R  |k PSI